000 00324 a2200157 4500
001 164297
020 _a
040 _cMagnum
100 _aFerreira, Jose Roberto Martins
240 1 0 _aHistoria/7 serie
_lpor
245 1 0 _aHistoria/7 serie
362 0 _a1899
440 1 _aFTD
697 _aPARADIDATICO
942 _cBK
999 _c164297
_d164297